| 000 | 00692nam a2200193Ia 4500 | ||
|---|---|---|---|
| 003 | GCL | ||
| 008 | 140319s9999 xx 000 0 ara d | ||
| 040 |
_aGCL / _cGCL |
||
| 082 | 0 | 4 |
_a944.083 _bع ش |
| 100 | 1 | _aعلى شعيب (مراجع) | |
| 245 | 1 | 0 |
_aشارل ديغول / _cعلى شعيب (مراجع) |
| 260 |
_aبيروت : _bدار الفكر اللبنانى ، _c1992 |
||
| 300 |
_a112 ص ؛ _c19 سم |
||
| 490 |
_aاحداث ومشاهير عالمية _v0 |
||
| 650 | 0 | 4 | _aفرنسا - تاريخ - العصر الحديث - الجمهورية الخامسة |
| 650 | 0 | 4 | _aشارل ديغول |
| 650 | 0 | 4 | _aفرنسا - العلاقات الخارجية |
| 942 |
_2ddc _cBK |
||
| 999 |
_c38997 _d38997 |
||